Oaxaca (Record no. 10331)

MARC details
000 -CABECERA
campo de control de longitud fija 00653nam a2200229 a 4500
001 - NÚMERO DE CONTROL
campo de control BRL_1522
005 - FECHA Y HORA DE LA ÚLTIMA TRANSACCIÓN
campo de control 20190320211239.0
008 - DATOS DE LONGITUD FIJA--INFORMACIÓN GENERAL
campo de control de longitud fija 140214s1994----mx-aob####---#000-0#spa-#
020 ## - NÚMERO INTERNACIONAL ESTÁNDAR DEL LIBRO
Número Internacional Estándar del Libro 968643433X
041 ## - CÓDIGO DE LENGUA
Código de lengua del texto/banda sonora o título independiente spa
044 ## - CÓDIGO DEL PAÍS DE LA ENTIDAD EDITORA/PRODUCTORA
Código MARC del país mx
050 #4 - SIGNATURA TOPOGRÁFICA DE LA BIBLIOTECA DEL CONGRESO
Número de clasificación F1321
Número de documento/Ítem .R66 1994
100 1# - ENTRADA PRINCIPAL--NOMBRE DE PERSONA
Nombre de persona Romero Giordano, Carlos
9 (RLIN) 4882
245 10 - MENCIÓN DE TÍTULO
Título Oaxaca
Resto del título arqueología, arte colonial, tradiciones
Mención de responsabilidad, etc. Carlos Romero Giordano.
250 ## - MENCIÓN DE EDICIÓN
Mención de edición Edición Española
260 ## - PUBLICACIÓN, DISTRIBUCIÓN, ETC.
Lugar de publicación, distribución, etc. México
Nombre del editor, distribuidor, etc. Monclem Ediciones
Fecha de publicación, distribución, etc. 1994
300 ## - DESCRIPCIÓN FÍSICA
Extensión 111 p.
Otras características físicas il., fotografías, mapas
Dimensiones 26 cm.
500 ## - NOTA GENERAL
Nota general Au1716
651 #4 - PUNTO DE ACCESO ADICIONAL DE MATERIA--NOMBRE GEOGRÁFICO
Nombre geográfico Oaxaca
Subdivisión general Descripción y viajes
9 (RLIN) 27161
902 ## - CATALOGADOR
Iniciales GRL
942 ## - ELEMENTOS DE PUNTO DE ACCESO ADICIONAL (KOHA)
Fuente del sistema de clasificación o colocación Library of Congress Classification
Tipo de ítem Koha Libros
Holdings
Estado de retiro Estado de pérdida Estado dañado No para préstamo Localización permanente Ubicación/localización actual Fecha de adquisición Número de inventario Total de préstamos Signatura topográfica completa Código de barras Fecha visto por última vez Precio válido a partir de Tipo de ítem Koha
El ejemplar forma parte de la colección y puede ser consultado según las políticas vigentes.       Biblioteca Centro de Estudios Ruth D. Lechuga Biblioteca Centro de Estudios Ruth D. Lechuga 14/02/2014 Au1716   F1321 .R66 1994 (Au1716) GRL01681 22/03/2019 22/03/2019 Libros